[Event "Extremadura-chT"]
[Site "Spain"]
[Date "2007.01.20"]
[Round "1.2"]
[White "Romera Salas, Faustino"]
[Black "Garcia Martin Perez, Pedro Ignacio"]
[Result "0-1"]
[WhiteElo "1926"]
[BlackElo "1885"]
[PlyCount "143"]
[EventDate "2007.01.20"]
[EventType "team-swiss"]
[EventRounds "7"]
[EventCountry "ESP"]
[SourceTitle "EXT 2011"]
[Source "ChessBase"]
[SourceDate "2010.11.26"]
[SourceVersion "1"]
[SourceVersionDate "2010.11.26"]
[SourceQuality "1"]
[WhiteTeam "La Galeria"]
[BlackTeam "Don Benito"]
[WhiteTeamCountry "ESP"]
[BlackTeamCountry "ESP"]

1. d4 d5 2. c4 e6 3. Nf3 Nf6 4. g3 Nbd7 5. Qc2 b6 6. Bg2 Bb7 7. 0-0 Be7 8. Rd1 Qc8 9. b3 0-0 10. Nc3 c5 11. cxd5 Nxd5 12. Nxd5 Bxd5 13. Bb2 cxd4 14. Qd2 Bf6 15. Bxd4 Bxd4 16. Nxd4 Bxg2 17. Kxg2 Nf6 18. Nf3 Qb7 19. Rac1 h6 20. Rc4 Rac8 21. Rdc1 Rxc4 22. Rxc4 Rc8 23. Qc2 Rxc4 24. Qxc4 Qe4 25. Qc8+ Kh7 26. Qa6 Qa8 27. Kg1 Qb8 28. Nd4 Qc7 29. Qd3+ Kg8 30. Nb5 Qc1+ 31. Kg2 Qc6+ 32. f3 a5 33. Qd8+ Kh7 34. Qd3+ Kg8 35. Nc3 Qd7 36. Qxd7 Nxd7 37. Kf2 Kf8 38. Ke3 Ke7 39. Kd4 Kd6 40. e4 Kc6 41. e5 b5 42. Ne4 f6 43. f4 fxe5+ 44. fxe5 a4 45. g4 axb3 46. axb3 Nf8 47. Nc5 Kb6 48. b4 Kc6 49. h4 Kc7 50. Ke4 Kc6 51. Nb3 Kc7 52. Nd4 Kb6 53. h5 Ka6 54. Kf4 g6 55. hxg6 Nxg6+ 56. Ke4 Nf8 57. Kf4 Ng6+ 58. Ke4 Nf8 59. Nxe6 Nxe6 60. Kf5 Nd4+ 61. Kf6 Nc6 62. e6 Nxb4 63. Kg6 Nd5 64. Kxh6 b4 65. g5 b3 66. g6 b2 67. g7 Ne7 68. Kg5 b1Q 69. Kf6 Ng8+ 70. Kf7 Qb8 71. e7 Nxe7 72. Kxe7 0-1